[Event "Nezhmetdinov Cup 2013"]
[Site "?"]
[Date "2013.06.08"]
[Round "9.25"]
[White "Matsenko, Andrei"]
[Black "Smirnov, Alexey"]
[Result "0-1"]
[WhiteElo "2212"]
[BlackElo "2413"]
[PlyCount "58"]
[EventDate "2013.06.04"]

1. e4 c5 2. Nf3 d6 3. d4 cxd4 4. Qxd4 Nc6 5. Bb5 Bd7 6. Bxc6 Bxc6 7. c4 Nf6 8.
Nc3 g6 9. O-O Bg7 10. Qd3 Nd7 11. Nd4 O-O 12. f3 Qb6 13. Be3 Qxb2 14. Rfc1 Qb4
15. Rab1 Qa5 16. Nb3 Qd8 17. f4 b6 18. Nd5 Nc5 19. Nxc5 dxc5 20. Qe2 e6 21. Nc3
Bxc3 22. Rxc3 Bxe4 23. Rd1 Qf6 24. Ra3 Rfd8 25. Re1 h5 26. Bc1 Qd4+ 27. Be3 Bd3
28. Qf2 Qxc4 29. Qh4 Rd5 0-1

[Event "Nezhmetdinov Cup 2013"]
[Site "?"]
[Date "2013.06.08"]
[Round "9.26"]
[White "Ovod, Evgenija"]
[Black "Ivanov, Vladislav"]
[Result "1-0"]
[WhiteElo "2387"]
[BlackElo "2002"]
[PlyCount "37"]
[EventDate "2013.06.04"]

1. d4 Nc6 2. Nf3 d6 3. Bf4 h6 4. d5 e5 5. dxe6 Bxe6 6. Nc3 g5 7. Bg3 f5 8. e3
Bg7 9. Bb5 Qe7 10. Nd4 Bd7 11. Nd5 Qd8 12. Bc4 Nf6 13. Nb5 Rc8 14. Ndxc7+ Rxc7
15. Nxd6+ Kf8 16. Nf7 Qc8 17. Qd6+ Ne7 18. Qxc7 Rh7 19. O-O-O 1-0

[Event "Nezhmetdinov Cup 2013"]
[Site "?"]
[Date "2013.06.08"]
[Round "9.27"]
[White "Fakhrutdinov, Timur"]
[Black "Odnorozhenko, Evgenyi"]
[Result "1/2-1/2"]
[WhiteElo "2128"]
[BlackElo "2319"]
[PlyCount "55"]
[EventDate "2013.06.04"]

1. e4 c5 2. Nf3 Nc6 3. d4 cxd4 4. Nxd4 Nf6 5. Nc3 d6 6. Bg5 e6 7. Qd2 Be7 8.
O-O-O O-O 9. f4 Nxd4 10. Qxd4 Qa5 11. Bc4 Bd7 12. e5 dxe5 13. fxe5 Bc6 14. Bd2
Nd7 15. Nd5 Qd8 16. Nxe7+ Qxe7 17. h4 Qc5 18. Qxc5 Nxc5 19. Rhg1 Rfc8 20. Be3
Nd7 21. Bf4 Nb6 22. Bd3 Nd5 23. Bd2 Ne7 24. h5 a6 25. Kb1 Bb5 26. Be4 Bc6 27.
Bd3 Bb5 28. Be4 1/2-1/2

[Event "Nezhmetdinov Cup 2013"]
[Site "?"]
[Date "2013.06.08"]
[Round "9.29"]
[White "Esipenko, Andrey"]
[Black "Dmitriev, Igor"]
[Result "1-0"]
[WhiteElo "2191"]
[BlackElo "2289"]
[PlyCount "97"]
[EventDate "2013.06.04"]

1. e4 g6 2. d4 c6 3. Nc3 d5 4. e5 f6 5. Nf3 Bg4 6. exf6 exf6 7. Be2 Bd6 8. h3
Bxf3 9. Bxf3 Ne7 10. O-O O-O 11. Ne2 Qc7 12. g3 Na6 13. c3 Rf7 14. h4 Nf5 15.
Qd3 Re8 16. h5 Qd7 17. hxg6 hxg6 18. Nf4 Rh7 19. Bd2 Kf7 20. Rae1 Nc7 21. Rxe8
Nxe8 22. Re1 Neg7 23. Bg4 Rh8 24. a4 a6 25. a5 Bc7 26. b4 Re8 27. Rc1 Re4 28.
Bf3 Re7 29. c4 Bxf4 30. Bxf4 Ne6 31. cxd5 Nxf4 32. gxf4 cxd5 33. Rc5 Qd6 34.
Bxd5+ Kg7 35. Qd2 Qd8 36. Qb2 Qh8 37. Qc3 Nxd4 38. Kg2 Ne2 39. Qf3 Nd4 40. Qd3
Ne2 41. Rc4 Qb8 42. Qf3 g5 43. fxg5 fxg5 44. Qf5 Nf4+ 45. Kf1 Ng6 46. Rc8 Qd6
47. Qxg5 Rf7 48. Bxf7 Kxf7 49. Qd8 1-0

[Event "Nezhmetdinov Cup 2013"]
[Site "?"]
[Date "2013.06.08"]
[Round "9.31"]
[White "Makarenko, Alexandra"]
[Black "Sadykov, Ramil"]
[Result "0-1"]
[WhiteElo "2124"]
[BlackElo "2250"]
[PlyCount "84"]
[EventDate "2013.06.08"]

1. e4 e6 2. d4 d5 3. Nc3 Bb4 4. e5 c5 5. a3 Bxc3+ 6. bxc3 Ne7 7. h4 Bd7 8. h5
h6 9. Qg4 Qc7 10. Qxg7 Rg8 11. Qxh6 cxd4 12. Ne2 Nbc6 13. cxd4 Nxd4 14. Nxd4
Qc3+ 15. Qd2 Qxa1 16. f4 Rc8 17. Rh3 Nf5 18. Nb3 Qb1 19. Bd3 Ba4 20. Kd1 Bxb3
21. Bb5+ Kf8 22. Rxb3 Qa1 23. Qb4+ Kg7 24. g4 Qd4+ 25. Qxd4 Nxd4 26. Bd2 Nxb5
27. Rxb5 b6 28. f5 Rc4 29. f6+ Kh7 30. g5 Rh4 31. Rb3 Rc8 32. g6+ fxg6 33.
hxg6+ Kxg6 34. Rg3+ Kf5 35. Bb4 Kxe5 36. f7 Rxb4 37. axb4 Rf8 38. Rf3 Kd6 39.
Kd2 e5 40. Rf1 Ke6 41. Rh1 Rxf7 42. Rh6+ Kf5 0-1

[Event "Nezhmetdinov Cup 2013"]
[Site "?"]
[Date "2013.06.08"]
[Round "9.32"]
[White "Konovalov, Roman"]
[Black "Chistiakova, Tamara"]
[Result "1/2-1/2"]
[WhiteElo "2044"]
[BlackElo "2314"]
[PlyCount "72"]
[EventDate "2013.06.08"]

1. e4 c5 2. Nc3 Nc6 3. g3 e6 4. Bg2 Nge7 5. f4 d5 6. d3 b6 7. Nf3 dxe4 8. Nxe4
Bb7 9. O-O Nf5 10. Kh1 Be7 11. g4 Nd6 12. Bd2 Qc7 13. Bc3 O-O-O 14. Qe2 h5 15.
Nxd6+ Bxd6 16. g5 Bxf4 17. Bxg7 h4 18. Bxh8 Rxh8 19. h3 Ne7 20. Ng1 Nf5 21.
Bxb7+ Qxb7+ 22. Qf3 Ng3+ 23. Kg2 Nxf1 24. Rxf1 Qxf3+ 25. Rxf3 Bxg5 26. Rxf7 Rg8
27. Kf3 Bd8 28. Ne2 a6 29. a4 Rg6 30. b3 Bc7 31. Rh7 Bg3 32. Ke4 Rg5 33. Kf3
Rf5+ 34. Ke3 Re5+ 35. Kf3 Rf5+ 36. Ke3 Re5+ 1/2-1/2

[Event "Nezhmetdinov Cup 2013"]
[Site "?"]
[Date "2013.06.08"]
[Round "9.33"]
[White "Khusnutdinova, Alsu"]
[Black "Sarana, Alexey"]
[Result "0-1"]
[WhiteElo "2001"]
[BlackElo "2209"]
[PlyCount "102"]
[EventDate "2013.06.08"]

1. e4 c5 2. Nf3 d6 3. d4 cxd4 4. Nxd4 Nf6 5. Nc3 a6 6. Be3 e5 7. Nb3 Be6 8. Qd2
Nbd7 9. O-O-O Be7 10. f4 b5 11. f5 Bc4 12. g4 Nxg4 13. Rg1 Ndf6 14. Bg5 h6 15.
Bh4 Bxf1 16. Rdxf1 b4 17. Nd5 Nxd5 18. Bxe7 Kxe7 19. Rxg4 Nf6 20. Rxg7 a5 21.
Qe2 Qc7 22. Kb1 Rhc8 23. Rc1 Qc4 24. Qg2 Qxe4 25. Rxf7+ Kxf7 26. Qg6+ Ke7 27.
Qg7+ Kd8 28. Qxf6+ Kc7 29. Qe7+ Kc6 30. Rd1 Rd8 31. Nd4+ Kb6 32. Ne6 Rac8 33.
Rc1 Rg8 34. Qxd6+ Rc6 35. Qd2 Qxf5 36. Nd8 Qf4 37. Qd5 Qc4 38. Qd2 Rc8 39. Qd6+
Ka7 40. Qd7+ Qc7 41. Nc6+ Kb6 42. Qxc7+ Rxc7 43. Nxe5 Rg2 44. h4 Rh2 45. Ng6
Rg7 46. Ne5 Rxh4 47. c3 Rc7 48. c4 Re4 49. c5+ Kb5 50. Nd3 Rd4 51. Kc2 Rc4+ 0-1

[Event "Nezhmetdinov Cup 2013"]
[Site "?"]
[Date "2013.06.08"]
[Round "9.34"]
[White "Orekhov, Nikolai"]
[Black "Drachev, Oleg"]
[Result "1-0"]
[WhiteElo "2121"]
[BlackElo "2187"]
[PlyCount "109"]
[EventDate "2013.06.08"]

1. d4 d6 2. Nf3 Nf6 3. g3 g6 4. Bg2 Bg7 5. O-O O-O 6. c4 Nc6 7. Nc3 a6 8. b3
Rb8 9. Bb2 Bd7 10. Rc1 e6 11. e4 b5 12. cxb5 axb5 13. e5 Ne8 14. Re1 b4 15. Na4
Ne7 16. a3 Bh6 17. Rb1 Nd5 18. axb4 f6 19. Nd2 Nxb4 20. Nc4 fxe5 21. dxe5 d5
22. Ne3 Bxa4 23. bxa4 Bxe3 24. Rxe3 c5 25. Ba3 Qa5 26. Bf1 Nc7 27. h4 c4 28. h5
Rf5 29. hxg6 hxg6 30. Qg4 Kg7 31. Rf3 Nca6 32. Rxf5 exf5 33. Qg5 Qd8 34. Qd2
Qa5 35. e6 Qc5 36. Bb2+ Kh7 37. Qc3 Qe7 38. g4 fxg4 39. Qe5 Qc7 40. Qxc7+ Nxc7
41. Be5 c3 42. Bxc3 d4 43. Bxb4 Nxe6 44. a5 Kg7 45. a6 Kf6 46. a7 Ra8 47. Ra1
Ng5 48. Ra6+ Kf5 49. Ra5+ Kf6 50. Bg2 Nf3+ 51. Bxf3 gxf3 52. Bd6 g5 53. Bb8 Ke6
54. Re5+ Kf6 55. Rd5 1-0

[Event "Nezhmetdinov Cup 2013"]
[Site "?"]
[Date "2013.06.08"]
[Round "9.35"]
[White "Beinenson, Katsiaryna"]
[Black "Shaydullina, Sandugach"]
[Result "1-0"]
[WhiteElo "1970"]
[BlackElo "2160"]
[PlyCount "111"]
[EventDate "2013.06.08"]

1. e4 c5 2. c3 d5 3. exd5 Qxd5 4. d4 g6 5. Nf3 Bg7 6. Na3 Nf6 7. Nb5 Na6 8. Be3
cxd4 9. Nbxd4 Nc7 10. Nb5 Nxb5 11. Qxd5 Nxd5 12. Bxb5+ Bd7 13. Bxd7+ Kxd7 14.
O-O-O Kc6 15. Nd4+ Bxd4 16. Bxd4 f6 17. f3 e5 18. Bf2 Rhd8 19. g3 b6 20. Rhe1
g5 21. Re4 Rd7 22. f4 Re8 23. fxg5 f5 24. Rc4+ Kb5 25. Rh4 e4 26. b3 Kc6 27.
Rh6+ Kc7 28. c4 Nb4 29. Rxd7+ Kxd7 30. Rxh7+ Ke6 31. Be3 Rd8 32. Rxa7 Rd3 33.
g6 Nxa2+ 34. Kb2 Nb4 35. g7 Rd8 36. Bxb6 Rg8 37. Rc7 Nd3+ 38. Kc3 Ne5 39. Bd4
Nf3 40. b4 Rd8 41. Rc6+ Kf7 42. Rf6+ Kg8 43. Rf8+ Rxf8 44. gxf8=Q+ Kxf8 45. h4
Ke7 46. Be3 Ne5 47. b5 Ng4 48. Bg5+ Kd6 49. Kd4 Nh2 50. c5+ Kd7 51. c6+ Ke6 52.
Bf4 Nf1 53. b6 e3 54. Bxe3 Kd6 55. b7 Kc7 56. Bf4+ 1-0

[Event "Nezhmetdinov Cup 2013"]
[Site "?"]
[Date "2013.06.08"]
[Round "9.36"]
[White "Yeletsky, Ivan"]
[Black "Sazonova, Anastasia"]
[Result "1/2-1/2"]
[WhiteElo "2144"]
[BlackElo "2097"]
[PlyCount "129"]
[EventDate "2013.06.08"]

1. e4 c5 2. f4 d5 3. d3 dxe4 4. dxe4 Qxd1+ 5. Kxd1 Nc6 6. Nf3 Bg4 7. c3 O-O-O+
8. Kc2 Nf6 9. Nbd2 h6 10. h3 Bxf3 11. gxf3 Nh5 12. Bc4 Nxf4 13. Bxf7 Ne5 14.
Nc4 Nxf7 15. Bxf4 g5 16. Be3 e5 17. a4 b6 18. Bf2 Be7 19. Bg3 Bf6 20. Ne3 Rd7
21. Nd5 Bg7 22. h4 Rf8 23. a5 Kb7 24. axb6 axb6 25. Ra3 Nd6 26. Rha1 Nc8 27. c4
Rdf7 28. hxg5 hxg5 29. Rf1 Nd6 30. Rb3 Nc8 31. Kd2 g4 32. Ke2 gxf3+ 33. Rfxf3
Rxf3 34. Rxf3 Rxf3 35. Kxf3 Kc6 36. b3 Nd6 37. Ne7+ Kd7 38. Nf5 Nxf5 39. exf5
Bf6 40. Ke4 Kd6 41. Bh2 Bg7 42. Bg1 Bf6 43. Be3 Be7 44. Bc1 Bd8 45. Bd2 Be7 46.
Bh6 Bf6 47. Bf8+ Kc6 48. Kf3 Kd7 49. Kg4 Ke8 50. Bh6 Kf7 51. Kh5 Be7 52. Bd2
Bf6 53. Kg4 Ke7 54. Kf3 Kd6 55. Ke4 Be7 56. Bh6 Bf6 57. Bf8+ Kc6 58. b4 cxb4
59. Bxb4 b5 60. cxb5+ Kxb5 61. Bd6 Kc6 62. Bxe5 Bh4 63. Ba1 Kd7 64. Kf3 Ke7 65.
Bd4 1/2-1/2

[Event "Nezhmetdinov Cup 2013"]
[Site "?"]
[Date "2013.06.08"]
[Round "9.37"]
[White "Fedotov, Alexey"]
[Black "Zlachevskiy, Leonid"]
[Result "1-0"]
[WhiteElo "1861"]
[BlackElo "2125"]
[PlyCount "107"]
[EventDate "2013.06.08"]

1. Nf3 Nf6 2. c4 e5 3. Nxe5 g6 4. d4 Bg7 5. e3 O-O 6. Be2 b6 7. Nc3 Bb7 8. Bf3
c6 9. O-O d6 10. Nd3 Nbd7 11. b3 Re8 12. Bb2 Rb8 13. e4 h5 14. Qd2 a6 15. Qf4
Nf8 16. d5 b5 17. Rfe1 bxc4 18. bxc4 cxd5 19. cxd5 N8h7 20. h4 Bc8 21. Rac1 Bg4
22. Ba1 Bxf3 23. Qxf3 Ng4 24. g3 Nhf6 25. Qg2 Qb6 26. Rb1 Qd4 27. Rxb8 Rxb8 28.
Qf3 Qc4 29. Kg2 Nd7 30. Rc1 Nde5 31. Nxe5 Bxe5 32. Ne2 Qxa2 33. Nd4 Rf8 34. Qe2
Qa3 35. Bb2 Qb4 36. Rc4 Qb7 37. Qd2 Bg7 38. Rb4 Qd7 39. Rb6 Ra8 40. Qb4 a5 41.
Qxd6 Qe8 42. Qf4 Ne5 43. Bc3 a4 44. Nc6 Nd7 45. Bxg7 Kxg7 46. Rb1 a3 47. e5 a2
48. Ra1 Qf8 49. Qd4 Kh7 50. d6 Ra6 51. Qc4 Ra3 52. Rxa2 Nxe5 53. Nxe5 Qa8+ 54.
Kh2 1-0

[Event "Nezhmetdinov Cup 2013"]
[Site "?"]
[Date "2013.06.08"]
[Round "9.38"]
[White "Bulatov, Ramil"]
[Black "Ovchinnikov, Vsevolod"]
[Result "1-0"]
[WhiteElo "2221"]
[BlackElo "2006"]
[PlyCount "97"]
[EventDate "2013.06.08"]

1. d4 Nf6 2. Nf3 g6 3. Bg5 d5 4. Nbd2 Bg7 5. c3 O-O 6. e3 Bf5 7. Be2 h6 8. Bh4
g5 9. Bg3 Nh5 10. Be5 f6 11. Bg3 Nxg3 12. hxg3 c6 13. b4 Qd6 14. Qb3 e6 15. c4
Nd7 16. a4 b6 17. O-O Kh8 18. Rfd1 Bg6 19. Rac1 Rfd8 20. cxd5 cxd5 21. Ba6 Nf8
22. b5 Be8 23. Ne1 Ng6 24. Nd3 Bf8 25. Ra1 Bd7 26. Rdc1 Rab8 27. Qb2 Bg7 28.
Nb4 e5 29. Nc6 Bxc6 30. Rxc6 Qe7 31. Rac1 exd4 32. exd4 Nf8 33. Nf3 Qf7 34. Bc8
Nd7 35. Qc2 Nc5 36. dxc5 Rdxc8 37. cxb6 Rxc6 38. bxc6 axb6 39. Qf5 Qc7 40. Nd4
Re8 41. Nb5 Qc8 42. Qxc8 Rxc8 43. c7 Bf8 44. Na7 Rxc7 45. Rxc7 d4 46. Rd7 Bc5
47. Nb5 d3 48. g4 d2 49. Rxd2 1-0

[Event "Nezhmetdinov Cup 2013"]
[Site "?"]
[Date "2013.06.08"]
[Round "9.39"]
[White "Kungurov, Andrei"]
[Black "Kostrikina, Anna"]
[Result "0-1"]
[WhiteElo "2054"]
[BlackElo "2151"]
[PlyCount "50"]
[EventDate "2013.06.08"]

1. e4 c5 2. Nc3 d6 3. Nge2 Nf6 4. d4 cxd4 5. Nxd4 e6 6. f4 Nc6 7. Be3 Be7 8.
Qf3 O-O 9. O-O-O Qc7 10. Rg1 Nxd4 11. Rxd4 e5 12. Rc4 Qd7 13. f5 b5 14. Nxb5
Qxb5 15. Rxc8 Qa4 16. Rxa8 Rxa8 17. Bg5 Rc8 18. Qb3 Qd4 19. Be3 Qxe4 20. Ba6
Rxc2+ 21. Kd1 Rxg2 22. Rxg2 Qxg2 23. a4 Qh1+ 24. Kc2 Qe4+ 25. Bd3 Qxe3 0-1

[Event "Nezhmetdinov Cup 2013"]
[Site "?"]
[Date "2013.06.08"]
[Round "9.40"]
[White "Safiullin, Rafael"]
[Black "Askerov, Marat"]
[Result "0-1"]
[WhiteElo "2149"]
[BlackElo "1994"]
[PlyCount "136"]
[EventDate "2013.06.08"]

1. e4 c6 2. d4 d5 3. f3 e6 4. Nc3 Bb4 5. Nge2 Ne7 6. Be3 Nd7 7. a3 Bxc3+ 8.
Nxc3 O-O 9. Qd2 dxe4 10. fxe4 e5 11. O-O-O Qc7 12. Bc4 exd4 13. Bxd4 Ne5 14.
Qg5 N7g6 15. Bb3 Bg4 16. Rdf1 Rad8 17. Bc5 Rfe8 18. Bxf7+ Nxf7 19. Qxg4 Nfe5
20. Qf5 b6 21. Be3 Nc4 22. Bg5 Rd7 23. h4 Rf7 24. Qxf7+ Qxf7 25. Rxf7 Kxf7 26.
h5 Nge5 27. a4 h6 28. Bf4 Ke6 29. Rd1 Rf8 30. g3 Ng4 31. b3 Nce5 32. Ne2 c5 33.
Nc3 Nf6 34. Rh1 Rd8 35. Nb5 Rd7 36. Nc3 a6 37. Be3 Neg4 38. Bf4 Ne5 39. Be3
Neg4 40. Bg1 Ke5 41. a5 bxa5 42. Bxc5 Rc7 43. Na4 Nxe4 44. Bb6 Rc6 45. Re1 Ngf6
46. Bxa5 Nxh5 47. Kb2 Nhxg3 48. Bc3+ Kf4 49. Bxg7 h5 50. Nc3 h4 51. Nxe4 Nxe4
52. Rh1 Kg4 53. c4 h3 54. Be5 Nf2 55. Rg1+ Kf3 56. Bb8 Rh6 57. Rg8 Nd3+ 58. Kc3
Nf4 59. Rf8 Rh4 60. Bxf4 Rxf4 61. Rh8 Kg2 62. b4 h2 63. b5 Rf3+ 64. Kb4 Rh3 65.
Rg8+ Kf2 66. Rf8+ Ke2 67. Re8+ Kd2 68. Rd8+ Kc2 0-1

[Event "Nezhmetdinov Cup 2013"]
[Site "?"]
[Date "2013.06.08"]
[Round "9.42"]
[White "Rivonenko, Vladislav"]
[Black "Ioffe, Dmitry"]
[Result "0-1"]
[WhiteElo "2026"]
[BlackElo "2138"]
[PlyCount "94"]
[EventDate "2013.06.08"]

1. e4 e5 2. Nf3 Nc6 3. d4 exd4 4. Bc4 Bc5 5. c3 d3 6. b4 Bb6 7. Qb3 Qf6 8. O-O
Nh6 9. a4 a6 10. Bxd3 O-O 11. e5 Nxe5 12. Nxe5 Qxe5 13. Bxh6 gxh6 14. Nd2 d6
15. Rae1 Qg7 16. a5 Ba7 17. Qc4 c6 18. Qf4 d5 19. c4 Bb8 20. Qh4 Qg5 21. Nf3
Qxh4 22. Nxh4 Be6 23. cxd5 cxd5 24. Bf5 Re8 25. Bxe6 fxe6 26. Nf5 Bf4 27. Nd4
Kf7 28. Nb3 Bd6 29. Nc5 Bxc5 30. bxc5 Rac8 31. Rc1 Re7 32. Rc3 Rec7 33. Rfc1 e5
34. f3 Ke6 35. Rb3 Rxc5 36. Rxc5 Rxc5 37. Rxb7 Rxa5 38. Rxh7 d4 39. Rxh6+ Kd5
40. Kf1 d3 41. Ke1 Kd4 42. Rh4+ Kc3 43. Rh8 Ra1+ 44. Kf2 d2 45. Rc8+ Kb4 46.
Rb8+ Kc5 47. Rc8+ Kb6 0-1

[Event "Nezhmetdinov Cup 2013"]
[Site "?"]
[Date "2013.06.08"]
[Round "9.43"]
[White "Sadykov, Mars"]
[Black "Matsenko, Elena"]
[Result "1-0"]
[WhiteElo "2113"]
[BlackElo "1966"]
[PlyCount "101"]
[EventDate "2013.06.08"]

1. Nf3 d5 2. d4 Nf6 3. Bg5 e6 4. e3 Be7 5. Bd3 Nbd7 6. Nbd2 c5 7. c3 O-O 8. O-O
b6 9. Qe2 Bb7 10. Ba6 Bxa6 11. Qxa6 Qc7 12. Rfe1 Bd6 13. Qd3 c4 14. Qc2 b5 15.
e4 dxe4 16. Nxe4 Nxe4 17. Qxe4 h6 18. Bh4 a5 19. a3 Rab8 20. Rad1 Rfc8 21. Bg3
Bxg3 22. hxg3 Nf6 23. Qe2 Nd5 24. Rc1 b4 25. cxb4 axb4 26. Ne5 bxa3 27. Rxc4
Qa7 28. bxa3 Qxa3 29. Rxc8+ Rxc8 30. Nxf7 Rc1 31. Nd8 Rxe1+ 32. Qxe1 Nc7 33.
Qe5 Qe7 34. Nxe6 Nxe6 35. d5 Kf7 36. Qf5+ Qf6 37. dxe6+ Ke7 38. Qxf6+ Kxf6 39.
Kh2 Kxe6 40. Kh3 Kf5 41. Kh4 g6 42. f3 Ke5 43. Kg4 Kf6 44. Kf4 h5 45. g4 g5+
46. Ke4 hxg4 47. fxg4 Ke6 48. g3 Kf6 49. Kd5 Kf7 50. Ke5 Kg6 51. Ke6 1-0

[Event "Nezhmetdinov Cup 2013"]
[Site "?"]
[Date "2013.06.08"]
[Round "9.44"]
[White "Nevioselaya, Maria"]
[Black "Lyutov, Timofey"]
[Result "1-0"]
[WhiteElo "2088"]
[BlackElo "1856"]
[PlyCount "75"]
[EventDate "2013.06.08"]

1. e4 c5 2. Nf3 Nc6 3. d4 cxd4 4. Nxd4 g6 5. Nc3 Bg7 6. Be3 Nf6 7. Bc4 O-O 8.
Bb3 Qa5 9. Ba4 Qd8 10. Bb3 a5 11. a4 Ng4 12. Qxg4 Nxd4 13. Bxd4 Bxd4 14. Qg3 e6
15. O-O b6 16. Rad1 Qf6 17. Nb5 Bxb2 18. Qe3 Ba6 19. Qxb6 Rfb8 20. Qc5 Bxb5 21.
axb5 a4 22. Ba2 Rc8 23. Qb6 Rxc2 24. Rxd7 Rac8 25. Bb1 Rc1 26. Rdd1 Rxd1 27.
Rxd1 Bd4 28. Qa6 Qxf2+ 29. Kh1 Rc3 30. Qa8+ Kg7 31. Qxa4 Re3 32. Qxd4+ Kh6 33.
Rg1 e5 34. Qc5 Qf4 35. b6 Rh3 36. gxh3 Qf3+ 37. Rg2 Qf1+ 38. Qg1 1-0

[Event "Nezhmetdinov Cup 2013"]
[Site "?"]
[Date "2013.06.08"]
[Round "9.45"]
[White "Pushkin, Eduard"]
[Black "Trushina, Marina"]
[Result "1-0"]
[WhiteElo "2170"]
[BlackElo "1739"]
[PlyCount "81"]
[EventDate "2013.06.08"]

1. c4 e5 2. Nc3 Nf6 3. g3 d5 4. cxd5 Nxd5 5. Bg2 Be6 6. Nf3 Nc6 7. d3 Be7 8.
O-O O-O 9. a3 f5 10. Nd2 Qd7 11. Nxd5 Bxd5 12. Bxd5+ Qxd5 13. Qb3 Qxb3 14. Nxb3
Rad8 15. Bd2 Nd4 16. Nxd4 exd4 17. Rfc1 c6 18. Kg2 h6 19. h4 Bd6 20. Rc4 Bc7
21. f4 Rfe8 22. Kf3 Bb6 23. h5 Kf7 24. Rg1 Rd6 25. Rg2 Rg8 26. g4 fxg4+ 27.
Rxg4 g6 28. hxg6+ Rdxg6 29. Rxg6 Rxg6 30. Rc1 Kf6 31. Rh1 Kg7 32. f5 Rf6 33.
Ke4 Bc5 34. Bf4 Kh7 35. Be5 Rf7 36. f6 Bb6 37. Kf5 Bc7 38. Ke6 Rf8 39. Bxc7
Re8+ 40. Kf7 Rxe2 41. Bf4 1-0

[Event "Nezhmetdinov Cup 2013"]
[Site "?"]
[Date "2013.06.08"]
[Round "9.46"]
[White "Kozina, Anastasia"]
[Black "Dordzhieva, Dinara"]
[Result "0-1"]
[WhiteElo "1733"]
[BlackElo "2079"]
[PlyCount "88"]
[EventDate "2013.06.08"]

1. e4 c5 2. Nc3 Nc6 3. g3 g6 4. Bg2 Bg7 5. d3 e5 6. f4 d6 7. Nf3 Nge7 8. O-O
O-O 9. Be3 Nd4 10. h3 Rb8 11. Bf2 f5 12. Nxd4 cxd4 13. Ne2 Be6 14. Kh2 Qd7 15.
c3 dxc3 16. bxc3 b5 17. Rc1 a5 18. Qc2 Rbc8 19. Qd2 d5 20. exf5 Nxf5 21. g4 Ne7
22. Bg3 Nc6 23. Qe3 d4 24. cxd4 exd4 25. Qd2 Bd5 26. Bxd5+ Qxd5 27. Rce1 Nb4
28. a3 Nc2 29. Rc1 Ne3 30. Rf2 Rxc1 31. Qxc1 b4 32. axb4 axb4 33. Qb1 b3 34. f5
g5 35. Kg1 Rc8 36. Nc1 Rc2 37. Ne2 Rd2 38. Nf4 gxf4 39. Rxd2 fxg3 40. Qc1 Qb7
41. Qa1 Qf3 42. Qb1 Bf8 43. Qxb3+ Kh8 44. Qb1 g2 0-1

[Event "Nezhmetdinov Cup 2013"]
[Site "?"]
[Date "2013.06.08"]
[Round "9.47"]
[White "Krotiuk, Daria"]
[Black "Kurninov, Andrei"]
[Result "1-0"]
[WhiteElo "1916"]
[BlackElo "1707"]
[PlyCount "65"]
[EventDate "2013.06.08"]

1. e4 c5 2. Nf3 d6 3. d4 cxd4 4. Qxd4 a6 5. c4 Nc6 6. Qd3 Nf6 7. Nc3 g6 8. Be2
Bg7 9. O-O O-O 10. Nd4 Ne5 11. Qd1 Qb6 12. Rb1 Bd7 13. h3 Rfc8 14. b3 Nc6 15.
Be3 Qa5 16. Qd2 Nxd4 17. Bxd4 b5 18. b4 Qc7 19. c5 dxc5 20. Bxc5 Bc6 21. Bf3
Rd8 22. Qe3 Rd7 23. Rbc1 Qe5 24. Bd1 Rad8 25. f4 Qb8 26. Bc2 Nh5 27. Bb1 e6 28.
e5 Bh6 29. Ne2 Rd2 30. Bd6 R8xd6 31. exd6 Qxd6 32. Rxc6 Rxe2 33. Rc8+ 1-0

[Event "Nezhmetdinov Cup 2013"]
[Site "?"]
[Date "2013.06.08"]
[Round "9.48"]
[White "Tukaeva, Adelya"]
[Black "Gubajdullin, Marsel"]
[Result "1-0"]
[WhiteElo "1655"]
[BlackElo "1936"]
[PlyCount "45"]
[EventDate "2013.06.08"]

1. e4 d6 2. d4 Nf6 3. Nc3 g6 4. f4 e5 5. dxe5 dxe5 6. Qxd8+ Kxd8 7. fxe5 Ng4 8.
Bg5+ Be7 9. Bxe7+ Kxe7 10. Nd5+ Kd8 11. Rd1 Bd7 12. Nf3 c6 13. Nf6 Ne3 14. Rd2
Nxf1 15. Rxf1 Kc7 16. Ng5 Be6 17. Nfxh7 Bc4 18. Rff2 Nd7 19. b3 Be6 20. Nxe6+
Kc8 21. Rxf7 Nxe5 22. Rf8+ Rxf8 23. Nhxf8 1-0